|
|
|
|
| LEADER |
02434nam a22004937a 4500 |
| 001 |
45780 |
| 003 |
BD-DhAAL |
| 005 |
20260514131555.0 |
| 008 |
260514t20102006ja abfh b 001 0 eng d |
| 010 |
|
|
|a 2009416082
|
| 020 |
|
|
|a 4643060123
|
| 020 |
|
|
|a 9784643060126
|
| 035 |
|
|
|a 15714639
|
| 035 |
|
|
|a (OCoLC)78063709
|
| 040 |
|
|
|a TJC
|c TJC
|d BAKER
|d YDXCP
|d BTCTA
|d MUQ
|d OCLCG
|d AU@
|d DLC
|d BD-DhAAL
|
| 041 |
1 |
|
|a eng
|h jpn
|
| 042 |
|
|
|a lccopycat
|
| 050 |
0 |
0 |
|a D742.J3
|b K4613 2006
|
| 082 |
0 |
4 |
|a 940.5352
|2 22
|
| 130 |
0 |
|
|a Kenshō sensō sekinin.
|l English
|9 60764
|
| 245 |
1 |
0 |
|a From marco polo bridge to pearl harbor :
|b who was responsible? /
|c foreword by editor-in-chief Tsuneo Watanabe ; edited by James E. Auer.
|
| 246 |
3 |
0 |
|a Who was responsible?
|
| 250 |
|
|
|a First soft-cover edition.
|
| 260 |
|
|
|a Tokyo, Japan :
|b Yomiuri Shimbun ;
|a Burlingame, Calif. :
|b Distributed in the United States by JP Trading,
|c c2010.
|
| 300 |
|
|
|a 410 p., 16 p. of plates :
|b ill., facsim., maps ;
|c 25 cm
|
| 500 |
|
|
|a "Translation from original Japanese Kensho senso sekinin"
|
| 500 |
|
|
|a First edition, 2006
|
| 504 |
|
|
|a Includes bibliographical references (p. 379-389) and index.
|
| 526 |
8 |
|
|a AAL
|
| 541 |
|
|
|a Donated by Embassy of Japan in Bangladesh, Read Japan Project 2025, The Tokyo Foundation, supported by The Nippon Foundation.
|e 45780
|
| 650 |
|
0 |
|a World War, 1939-1945
|z Japan.
|9 60765
|
| 650 |
|
0 |
|a Sino-Japanese War, 1937-1945
|z Japan.
|9 60766
|
| 650 |
|
0 |
|a Tokyo Trial, Tokyo, Japan, 1946-1948.
|9 60767
|
| 650 |
|
6 |
|a Guerre mondiale, 1939-1945
|z Japon.
|9 60768
|
| 650 |
|
6 |
|a Guerre sino-japonaise, 1937-1945
|z Japon.
|9 60769
|
| 650 |
|
6 |
|a Tōkyō, Procès de, 1946-1948.
|9 60770
|
| 650 |
|
6 |
|a Historiography.
|
| 700 |
1 |
|
|a Auer, James E.
|9 60771
|
| 700 |
1 |
|
|a Watanabe, Tsuneo,
|d 1926-
|9 60772
|
| 730 |
0 |
|
|a Yomiuri shinbun (Tokyo, Japan)
|9 60773
|
| 852 |
1 |
|
|a Ayesha Abed Library
|c General Stacks
|
| 942 |
|
|
|2 ddc
|c BK
|
| 999 |
|
|
|c 47962
|d 47962
|
| 952 |
|
|
|0 0
|1 0
|2 ddc
|4 0
|6 940_535200000000000_FRO
|7 0
|9 79209
|a BRACUL
|b BRACUL
|d 2026-05-14
|e Donated by Embassy of Japan in Bangladesh, Read Japan Project 2025, The Tokyo Foundation, supported by The Nippon Foundation.
|l 0
|o 940.5352 FRO
|p 3010045780
|r 2026-05-14
|t 1
|w 2026-05-14
|y BK
|x Donated copy received from Embassy of Japan in Bangladesh, Read Japan Project 2025, The Tokyo Foundation, supported by The Nippon Foundation on 08 April 2026; U.S.$40.00 Price available in the book.
|